000 01624cam a2200169 4500500
005 20260405085544.0
041 _afre
042 _adc
100 1 0 _aBaloup, Daniel
_eauthor
700 1 0 _aBramoullé, David
_eauthor
700 1 0 _aDoumerc, Bernard
_eauthor
700 1 0 _aJoudiou, Benoît
_eauthor
245 0 0 _aLes mondes méditerranéens au Moyen Âge : VIIe-XVIe siècle
260 _bArmand Colin,
_c2018.
520 _aL’histoire de la Méditerranée médiévale, zone partagée entre l’Afrique, l’Asie et l’Europe, est faite de phases d’expansion ou de repli qui charrient à travers l’espace les marqueurs d’identités hétérogènes. Ce vaste espace est alors caractérisé par la diversité, le métissage, l’inextinguible capacité d’invention, mais aussi les affrontements et le refus de la différence. Les auteurs ont souhaité mettre en lumière la grande diversité des mondes méditerranéens, au-delà de l’idée fantasmée d’un ensemble géographique et humain qui pourrait, au Moyen Âge, se réduire à l’opposition entre Chrétienté et Islam. Ils ont choisi de présenter une succession d’études de cas consacrées à des thèmes trop peu traités, éclairant des questions touchant aux sociétés, aux territoires et aux faits culturels. L’ouvrage propose des documents, souvent inédits, et des synthèses thématiques permettent de replacer les études de cas dans une perspective large et assurent la cohérence de l’ensemble.
856 4 1 _uhttps://shs.cairn.info/les-mondes-mediterraneens-au-moyen-age--9782200620288?lang=fr&redirect-ssocas=7080
999 _c2198499
_d2198499